Normal view
MARC view
- Ashna Yoosaf C P
Entry Personal Name
001 - CONTROL NUMBER
- control field: 6248
003 - CONTROL NUMBER IDENTIFIER
- control field: OSt
005 - DATE AND TIME OF LATEST TRANSACTION
- control field: 20240808160610.0
008 - FIXED-LENGTH DATA ELEMENTS
- fixed length control field: 240808|| aca||aabn | a|a d
040 ## - CATALOGING SOURCE
- Original cataloging agency: OSt
- Transcribing agency: OSt
100 ## - HEADING--PERSONAL NAME
- Personal name: Ashna Yoosaf C P
670 ## - SOURCE DATA FOUND
- Source citation: Work cat.: (OSt)18100: Ashna Yoosaf C P, Development and quality evaluation of gluten free noodles from arrowroot and finger millet powder /, 2024.
